000 00771nam a22001937a 4500
999 _c370099
_d370099
008 201130b ||||| |||| 00| 0 eng d
040 _bger
_cDE-2950
_erda
_aDE-2950
041 _ager
100 _aMatschkowiak, René:
245 _aElektroroller zum Ausleihen.
_bMobilität: In Frankfurt kann man sich ab sofort mit E-Scootern der Firma Bird durch die Stadt bewegen, die an 15 Standorten angeboten werden /
_cRené Matschkowiak
264 _c2021
653 _aFrankfurt (Oder)
653 _aE-Scooter / Ausleihe
773 _dFrankfurt (Oder): Märkisches Verlags- und Druckhaus GmbH & Co KG
_g32. Jahrgang (2021) Nr. 193 vom 20.08.2021, S. 13: Foto
_tMärkische Oderzeitung
942 _cA